Former capitals since 1950 - Statistics

General Stats
  • This quiz has been taken 35 times
  • The average score is 6 of 21
Answer Stats
Capital until Continent Answer % Correct
1990 Europe Bonn
70%
1976 Africa Lagos
67%
1960 South America Rio de Janeiro
63%
1982 Asia Colombo
52%
1955 Asia Saigon
52%
2005 Asia Yangon
52%
1990 Europe East Berlin
48%
1983 Africa Abidjan
41%
1998 Asia Almaty
41%
1996 Africa Dar es Salaam
33%
1959 Asia Karachi
33%
1990 Asia Aden
30%
2006 Oceania Koror
22%
1976 Asia Quezon City
15%
1967 Asia Rawalpindi
15%
1989 Oceania Kolonia
4%
1970 Asia Salalah
4%
1964 Africa Zanzibar
4%
1975 Africa Zomba
4%
1976 Asia Baguio
0%
1975 Asia Luang Prabang
0%
No matching quizzes found
Score Distribution
Percent of People with Each Score
Percentile by Number Answered
Your Score History
You have not taken this quiz